Witamy w Bibliotece Naukowej Instytutu Łączności!

Electronics & Communication Engineering Journal. (Rekord nr 23716)

000 -LEADER
fixed length control field 01590cas a22003971i 4500
001 - CONTROL NUMBER
control field vtls002487677
003 - CONTROL NUMBER IDENTIFIER
control field NUKAT
005 - DATE AND TIME OF LATEST TRANSACTION
control field 20191018112500.0
008 - FIXED-LENGTH DATA ELEMENTS--GENERAL INFORMATION
fixed length control field 120511d19892002xxkbr p| | |0 |0eng c
022 ## - INTERNATIONAL STANDARD SERIAL NUMBER
International Standard Serial Number 0954-0695
035 ## - SYSTEM CONTROL NUMBER
System control number xx002487677
039 #9 - LEVEL OF BIBLIOGRAPHIC CONTROL AND CODING DETAIL [OBSOLETE]
Level of rules in bibliographic description 201907300140
Level of effort used to assign nonsubject heading access points VLOAD
Level of effort used to assign subject headings 201907290217
Level of effort used to assign classification VLOAD
Level of effort used to assign subject headings 201906111101
Level of effort used to assign classification kopwat
Level of effort used to assign subject headings 201205171327
Level of effort used to assign classification amgdy
040 ## - CATALOGING SOURCE
Original cataloging agency GDY 17/HB
Transcribing agency GDY 17/IK
Language of cataloging WA 310/bw
210 1# - ABBREVIATED TITLE
Abbreviated title Electron. Commun. Eng. J.
222 #0 - KEY TITLE
Key title Electronics & Communication Engineering Journal
245 00 - TITLE STATEMENT
Title Electronics & Communication Engineering Journal.
246 1# - VARYING FORM OF TITLE
Title proper/short title Electronics and Communication Engineering Journal
260 ## - PUBLICATION, DISTRIBUTION, ETC. (IMPRINT)
Place of publication, distribution, etc London :
Name of publisher, distributor, etc Institution of Electrical Engineers,
Date of publication, distribution, etc 1989-2002.
300 ## - PHYSICAL DESCRIPTION
Dimensions 30 cm.
310 ## - CURRENT PUBLICATION FREQUENCY
Current publication frequency Dwumies.
336 ## - Typ zawartości
a Tekst
b txt
2 rdacontent
337 ## - Typ medium
a Bez urządzenia pośredniczącego
b n
2 rdamedia
338 ## - Typ nośnika
a Wolumin
b nc
2 rdacarrier
362 0# - DATES OF PUBLICATION AND/OR SEQUENTIAL DESIGNATION
Dates of publication and/or sequential designation Vol. 1, no. 1 (Jan.-Feb. 1989)-Vol. 14, no. 6 (Dec. 2002).
650 ## - SUBJECT ADDED ENTRY--TOPICAL TERM
Topical term or geographic name as entry element Elektrotechnika
Form subdivision czasopisma.
650 ## - SUBJECT ADDED ENTRY--TOPICAL TERM
Topical term or geographic name as entry element Telekomunikacja
Form subdivision czasopisma.
9 (RLIN) 1221
650 ## - SUBJECT ADDED ENTRY--TOPICAL TERM
Topical term or geographic name as entry element Elektronika
Form subdivision czasopisma.
9 (RLIN) 1536
710 2# - ADDED ENTRY--CORPORATE NAME
Corporate name or jurisdiction name as entry element Institution of Electrical Engineers.
9 (RLIN) 1519
780 00 - PRECEDING ENTRY
Title Journal of the Institution of Electronic and Radio Engineers
International Standard Serial Number 0267-1689
785 16 - SUCCEEDING ENTRY
Title Communications Engineer
International Standard Serial Number 1479-8352
Record control number 23904
785 16 - SUCCEEDING ENTRY
Title Electronics Systems and Software
856 42 - ELECTRONIC LOCATION AND ACCESS
Uniform Resource Identifier http://ieeexplore.ieee.org/xpl/RecentIssue.jsp?punumber=2219
942 ## - ADDED ENTRY ELEMENTS (KOHA)
Source of classification or shelving scheme
Item type Wydawnictwa ciągłe
Egzemplarze
Withdrawn status Lost status Source of classification or shelving scheme Damaged status Not for loan Permanent location Current location Shelving location Date acquired Serial Enumeration / chronology Inventory number Full call number Barcode Date last seen Price effective from Koha item type
          Instytut Łączności Instytut Łączności Magazyn 2018-05-08 Vol. 1:nr 1-6 (1989) J GBR 043 J GBR 043 J GBR 043/89 2018-05-08 2018-05-08 Wydawnictwa ciągłe
          Instytut Łączności Instytut Łączności Magazyn 2018-05-08 Vol. 2:nr 2-3,5-6 (1990) J GBR 043 J GBR 043 J GBR 043/90 2018-05-08 2018-05-08 Wydawnictwa ciągłe
          Instytut Łączności Instytut Łączności Magazyn 2018-05-08 Vol. 3:nr 1 (1991) J GBR 043 J GBR 043 J GBR 043/91 2018-05-08 2018-05-08 Wydawnictwa ciągłe
          Instytut Łączności Instytut Łączności Magazyn 2018-05-08 Vol. 7:nr 1-6 (1995) J GBR 043 J GBR 043 J GBR 043/92 2018-05-08 2018-05-08 Wydawnictwa ciągłe
          Instytut Łączności Instytut Łączności Magazyn 2018-05-08 Vol. 4:nr 1-6 (1992) J GBR 043 J GBR 043 J GBR 043/92A 2018-05-08 2018-05-08 Wydawnictwa ciągłe
          Instytut Łączności Instytut Łączności Magazyn 2018-05-08 Vol. 5:nr 1-6 (1993) J GBR 043 J GBR 043 J GBR 043/93 2018-05-08 2018-05-08 Wydawnictwa ciągłe
          Instytut Łączności Instytut Łączności Magazyn 2018-05-08 Vol. 8:nr 1-6 (1996) J GBR 043 J GBR 043 J GBR 043/96 2018-05-08 2018-05-08 Wydawnictwa ciągłe
          Instytut Łączności Instytut Łączności Magazyn 2018-05-08 Vol. 6:nr 1-6 (1994) J GBR 043 J GBR 043 J GBR 043/94 2018-05-08 2018-05-08 Wydawnictwa ciągłe
          Instytut Łączności Instytut Łączności Magazyn 2018-05-08 Vol. 9:nr 1-6 (1997) J GBR 043 J GBR 043 J GBR 043/97 2018-05-08 2018-05-08 Wydawnictwa ciągłe
          Instytut Łączności Instytut Łączności Magazyn 2018-05-08 Vol.10:nr 1-6 (1998) J GBR 043 J GBR 043 J GBR 043/98 2018-05-08 2018-05-08 Wydawnictwa ciągłe
          Instytut Łączności Instytut Łączności Magazyn 2018-05-08 Vol.11:nr 1-6 (1999) J GBR 043 J GBR 043 J GBR 043/99 2018-05-08 2018-05-08 Wydawnictwa ciągłe
          Instytut Łączności Instytut Łączności Magazyn 2018-05-08 Vol.12:nr 1-6 (2000) J GBR 043 J GBR 043 J GBR 043/00 2018-05-08 2018-05-08 Wydawnictwa ciągłe
          Instytut Łączności Instytut Łączności Magazyn 2018-05-08 Vol.13:nr 1-6 (2001) J GBR 043 J GBR 043 J GBR 043/01 2018-05-08 2018-05-08 Wydawnictwa ciągłe
          Instytut Łączności Instytut Łączności Magazyn 2018-05-08 Vol.14:nr 1-6 (2002) J GBR 043 J GBR 043 J GBR 043/02 2018-05-08 2018-05-08 Wydawnictwa ciągłe

Działa dzięki Koha